000 00882nam a22001817a 4500
003 BD-DhUL
005 20210824150604.0
008 160907s1985 bg ||||| |||| 000 0 ben d
040 _aBD-DhUL
_cBD-DhUL
082 0 _a954.92
_bUMP
100 1 _aউমর, বদরুদ্দীন।
245 1 0 _aপূর্ববাঙলার ভাষা আন্দোলন ও তৎকালীন রাজনীতি :
_cবদরুদ্দীন উমর।
_b৩য় খণ্ড /
260 _aচট্রগ্রাম :
_bবইঘর,
_c১৯৮৫।
300 _aখণ্ড, [৮] পাতা প্লেটস :
_bচিত্র ;
_c২২ সেমি.
504 _aগ্রন্থপঞ্জিগত তথ্য ও নির্ঘন্ট সংবলিত।
651 _aবাংলাদেশ - ইতিহাস
942 _2ddc
_cBK
999 _c105025
_d105025